| 000 | 01344nam a2200385 a 4500 | ||
|---|---|---|---|
| 001 | 000110166 | ||
| 003 | CHAP | ||
| 005 | 20220329144120.0 | ||
| 008 | 140729s2011 mx ad |r| |||0|||spa d | ||
| 010 | _a106628 | ||
| 011 | _a107600 | ||
| 020 | _a9786077510758 | ||
| 040 | _cCHAP | ||
| 082 | 0 | 4 |
_a305.4097275 _bB36 |
| 100 | 1 |
_aBayona Escat, Eugenia _9127571 |
|
| 245 | 1 | 0 |
_aRegión sierra : _blas mujeres en la sierra: ámbitos de probreza y desigualdad de género / _cpor Eugenia Bayona Escat. |
| 246 | 1 | _aMujeres marginales de Chiapas: situación, condición y participación | |
| 260 |
_aMéxico : _bUniversidad de Ciencias y Artes de Chiapas, _c2011. |
||
| 300 |
_a86 p. : _bil., gráfs. |
||
| 490 | 0 | _aColección Corazón de maíz | |
| 504 | _aIncluye bibliografía | ||
| 590 |
_aE11695DGD _b10 _c20140731 _lUCH01 _h0904 |
||
| 590 |
_aE11695DGD _b10 _c20140731 _lUCH01 _h0922 |
||
| 590 |
_aE5652GLJ _b05 _c20140729 _lUCH01 _h0935 |
||
| 590 |
_aE5652GLJ _b05 _c20140729 _lUCH01 _h0935 |
||
| 590 |
_aE5652GLJ _b05 _c20140730 _lUCH01 _h0902 |
||
| 650 | 1 | 4 |
_aClases sociales. _923673 |
| 650 | 1 | 4 |
_aMarginalidad social. _971348 |
| 650 | 1 | 4 |
_aMujer en comunidades rurales _xChiapas. _979365 |
| 650 | 1 | 4 |
_aMujeres pobres _zChiapas. _9127620 |
| 830 | 0 |
_aColección Corazón de maíz _9127575 |
|
| 901 | _aBK | ||
| 942 | _cLIBRO | ||
| 942 | _n0 | ||
| 999 |
_c106628 _d106628 |
||